Forbes Top Business Schools in U.S. Quiz Stats

 Plays Quiz not verified by Sporcle

Also try: Begins with 'HU'
Challenge
Share
Tweet
Embed
Score 0/40 Timer 10:00
0 Plays Today
% Correct
Harvard
94.5%
Yale
90.3%
Stanford
78.1%
Michigan
76.4%
UCLA
75.9%
Texas
73.4%
USC
72.6%
Duke
70%
Columbia
69.6%
Cornell
69.6%
Dartmouth
69.2%
Virginia
67.9%
Northwestern
66.2%
MIT
65.8%
Washington
65%
NYU
62.4%
Pennsylvania
60.3%
Chicago
58.2%
Indiana
57.8%
Ohio State
56.5%
% Correct
Wisconsin
54.4%
Penn State
51.9%
Georgetown
51.9%
Notre Dame
49.4%
Minnesota
48.9%
Vanderbilt
48.5%
UNC
47.7%
Michigan State
47.3%
California
45.1%
Maryland
44.3%
Iowa
43.9%
Emory
43.5%
Wake Forest
36.3%
Texas A&M
31.6%
Carnegie Mellon
31.2%
SMU
20.3%
Connecticut
17.7%
Rochester
12.2%
Brigham Young
6.8%
Rollins
0.8%

You're not logged in!

Compare scores with friends on all Sporcle quizzes.
OR
Log In

You Might Also Like...

Show Comments

Extras

Top Quizzes Today


Score Distribution

Your Account Isn't Verified!

In order to create a playlist on Sporcle, you need to verify the email address you used during registration. Go to your Sporcle Settings to finish the process.

Report this User

Report this user for behavior that violates our Community Guidelines.

Details: